<?xml version="1.0" encoding="UTF-8"?>
<collection xmlns="http://www.loc.gov/MARC21/slim">
 <record>
  <leader>03282cam a2200697   4500</leader>
  <controlfield tag="001">1621135993</controlfield>
  <controlfield tag="003">DE-627</controlfield>
  <controlfield tag="005">20241215022641.0</controlfield>
  <controlfield tag="007">tu</controlfield>
  <controlfield tag="008">940505s1993    gw |||||      00| ||ger c</controlfield>
  <datafield tag="015" ind1=" " ind2=" ">
   <subfield code="a">94,B08,0432</subfield>
   <subfield code="2">dnb</subfield>
  </datafield>
  <datafield tag="016" ind1="7" ind2=" ">
   <subfield code="a">940182769</subfield>
   <subfield code="2">DE-101</subfield>
  </datafield>
  <datafield tag="020" ind1=" " ind2=" ">
   <subfield code="a">3884431757</subfield>
   <subfield code="9">3-88443-175-7</subfield>
  </datafield>
  <datafield tag="035" ind1=" " ind2=" ">
   <subfield code="a">(DE-627)1621135993</subfield>
  </datafield>
  <datafield tag="035" ind1=" " ind2=" ">
   <subfield code="a">(DE-576)038892715</subfield>
  </datafield>
  <datafield tag="035" ind1=" " ind2=" ">
   <subfield code="a">(DE-599)DNB940182769</subfield>
  </datafield>
  <datafield tag="035" ind1=" " ind2=" ">
   <subfield code="a">(OCoLC)612364445</subfield>
  </datafield>
  <datafield tag="035" ind1=" " ind2=" ">
   <subfield code="a">(OCoLC)311718534</subfield>
  </datafield>
  <datafield tag="040" ind1=" " ind2=" ">
   <subfield code="a">DE-627</subfield>
   <subfield code="b">ger</subfield>
   <subfield code="c">DE-627</subfield>
   <subfield code="e">rakwb</subfield>
  </datafield>
  <datafield tag="041" ind1=" " ind2=" ">
   <subfield code="a">ger</subfield>
  </datafield>
  <datafield tag="044" ind1=" " ind2=" ">
   <subfield code="c">XA-DE</subfield>
  </datafield>
  <datafield tag="084" ind1=" " ind2=" ">
   <subfield code="a">45</subfield>
   <subfield code="2">sdnb</subfield>
  </datafield>
  <datafield tag="084" ind1=" " ind2=" ">
   <subfield code="a">9,10</subfield>
   <subfield code="2">ssgn</subfield>
  </datafield>
  <datafield tag="084" ind1=" " ind2=" ">
   <subfield code="a">ZH 6045</subfield>
   <subfield code="2">rvk</subfield>
   <subfield code="0">(DE-625)rvk/156189:</subfield>
  </datafield>
  <datafield tag="084" ind1=" " ind2=" ">
   <subfield code="a">ZH 5050</subfield>
   <subfield code="2">rvk</subfield>
   <subfield code="0">(DE-625)rvk/156170:</subfield>
  </datafield>
  <datafield tag="084" ind1=" " ind2=" ">
   <subfield code="a">15.52</subfield>
   <subfield code="2">bkl</subfield>
  </datafield>
  <datafield tag="100" ind1="1" ind2=" ">
   <subfield code="a">Strickhausen, Gerd</subfield>
   <subfield code="d">1962-</subfield>
   <subfield code="0">(DE-588)143967169</subfield>
   <subfield code="0">(DE-627)704659867</subfield>
   <subfield code="0">(DE-576)172126487</subfield>
   <subfield code="4">aut</subfield>
  </datafield>
  <datafield tag="245" ind1="1" ind2="4">
   <subfield code="a">Die Boyneburg bei Eschwege</subfield>
   <subfield code="b">Untersuchungen zur Baugeschichte einer staufischen Reichsburg</subfield>
   <subfield code="c">Gerd Strickhausen. Hessische Historische Kommission Darmstadt und Historische Kommission für Hessen</subfield>
  </datafield>
  <datafield tag="264" ind1=" " ind2="1">
   <subfield code="a">Darmstadt</subfield>
   <subfield code="b">Selbstverl. d. Hess. Historischen Kommission</subfield>
   <subfield code="c">1993</subfield>
  </datafield>
  <datafield tag="264" ind1=" " ind2="1">
   <subfield code="a">Marburg</subfield>
   <subfield code="b">Historische Komm. für Hessen</subfield>
   <subfield code="c">1993</subfield>
  </datafield>
  <datafield tag="300" ind1=" " ind2=" ">
   <subfield code="a">VI, 99 S.</subfield>
   <subfield code="b">Ill., Kt.</subfield>
  </datafield>
  <datafield tag="336" ind1=" " ind2=" ">
   <subfield code="a">Text</subfield>
   <subfield code="b">txt</subfield>
   <subfield code="2">rdacontent</subfield>
  </datafield>
  <datafield tag="337" ind1=" " ind2=" ">
   <subfield code="a">ohne Hilfsmittel zu benutzen</subfield>
   <subfield code="b">n</subfield>
   <subfield code="2">rdamedia</subfield>
  </datafield>
  <datafield tag="338" ind1=" " ind2=" ">
   <subfield code="a">Band</subfield>
   <subfield code="b">nc</subfield>
   <subfield code="2">rdacarrier</subfield>
  </datafield>
  <datafield tag="490" ind1="1" ind2=" ">
   <subfield code="a">Quellen und Forschungen zur hessischen Geschichte</subfield>
   <subfield code="v">86</subfield>
  </datafield>
  <datafield tag="500" ind1=" " ind2=" ">
   <subfield code="a">Literaturverz. S. 52 - 58</subfield>
  </datafield>
  <datafield tag="583" ind1="1" ind2=" ">
   <subfield code="a">Archivierung/Langzeitarchivierung gewährleistet</subfield>
   <subfield code="f">SSG</subfield>
   <subfield code="x">XA-DE-BW</subfield>
   <subfield code="2">pdager</subfield>
   <subfield code="5">DE-16</subfield>
  </datafield>
  <datafield tag="583" ind1="1" ind2=" ">
   <subfield code="a">Archivierung prüfen</subfield>
   <subfield code="c">20240324</subfield>
   <subfield code="f">DE-4165</subfield>
   <subfield code="z">2</subfield>
   <subfield code="2">pdager</subfield>
  </datafield>
  <datafield tag="650" ind1="0" ind2="7">
   <subfield code="0">(DE-588)4009104-1</subfield>
   <subfield code="0">(DE-627)106364677</subfield>
   <subfield code="0">(DE-576)208880399</subfield>
   <subfield code="a">Burg</subfield>
   <subfield code="2">gnd</subfield>
  </datafield>
  <datafield tag="650" ind1="0" ind2="7">
   <subfield code="0">(DE-588)4023693-6</subfield>
   <subfield code="0">(DE-627)106302191</subfield>
   <subfield code="0">(DE-576)208950974</subfield>
   <subfield code="a">Haus</subfield>
   <subfield code="2">gnd</subfield>
  </datafield>
  <datafield tag="650" ind1=" " ind2="4">
   <subfield code="a">Hessen</subfield>
   <subfield code="x">Baugeschichte</subfield>
  </datafield>
  <datafield tag="650" ind1=" " ind2="4">
   <subfield code="a">Boyneburg</subfield>
  </datafield>
  <datafield tag="651" ind1=" " ind2="7">
   <subfield code="0">(DE-588)4330827-2</subfield>
   <subfield code="0">(DE-627)133220419</subfield>
   <subfield code="0">(DE-576)211316067</subfield>
   <subfield code="a">Boyneburg</subfield>
   <subfield code="2">gnd</subfield>
  </datafield>
  <datafield tag="651" ind1=" " ind2="7">
   <subfield code="0">(DE-588)4015525-0</subfield>
   <subfield code="0">(DE-627)106336371</subfield>
   <subfield code="0">(DE-576)208912142</subfield>
   <subfield code="a">Eschwege</subfield>
   <subfield code="2">gnd</subfield>
  </datafield>
  <datafield tag="689" ind1="0" ind2="0">
   <subfield code="d">g</subfield>
   <subfield code="0">(DE-588)4330827-2</subfield>
   <subfield code="0">(DE-627)133220419</subfield>
   <subfield code="0">(DE-576)211316067</subfield>
   <subfield code="a">Boyneburg</subfield>
   <subfield code="2">gnd</subfield>
  </datafield>
  <datafield tag="689" ind1="0" ind2="1">
   <subfield code="d">s</subfield>
   <subfield code="0">(DE-588)4144149-7</subfield>
   <subfield code="0">(DE-627)104122676</subfield>
   <subfield code="0">(DE-576)209731796</subfield>
   <subfield code="a">Bauforschung</subfield>
   <subfield code="2">gnd</subfield>
  </datafield>
  <datafield tag="689" ind1="0" ind2=" ">
   <subfield code="5">DE-101</subfield>
  </datafield>
  <datafield tag="787" ind1="0" ind2="8">
   <subfield code="i">Rezensiert in</subfield>
   <subfield code="a">Laupichler, Fritz, 1945 - </subfield>
   <subfield code="t">[Rezension von: Gerd Strickhausen, Die Boyneburg bei Eschwege]</subfield>
   <subfield code="d">Braubach : Deutsche Burgenvereinigung, 1996</subfield>
   <subfield code="w">(DE-627)1811675859</subfield>
  </datafield>
  <datafield tag="830" ind1=" " ind2="0">
   <subfield code="a">Quellen und Forschungen zur hessischen Geschichte</subfield>
   <subfield code="v">86</subfield>
   <subfield code="9">86</subfield>
   <subfield code="w">(DE-627)130125806</subfield>
   <subfield code="w">(DE-576)015660117</subfield>
   <subfield code="w">(DE-600)506855-1</subfield>
   <subfield code="x">0930-5629</subfield>
   <subfield code="7">ns</subfield>
  </datafield>
  <datafield tag="856" ind1="4" ind2="2">
   <subfield code="u">http://d-nb.info/940182769/04</subfield>
   <subfield code="m">V:DE-605</subfield>
   <subfield code="q">application/pdf</subfield>
   <subfield code="3">Inhaltsverzeichnis</subfield>
  </datafield>
  <datafield tag="889" ind1=" " ind2=" ">
   <subfield code="w">(DE-627)147902126</subfield>
  </datafield>
  <datafield tag="935" ind1=" " ind2=" ">
   <subfield code="a">BGTS</subfield>
  </datafield>
  <datafield tag="935" ind1=" " ind2=" ">
   <subfield code="i">mdedup</subfield>
  </datafield>
  <datafield tag="936" ind1="r" ind2="v">
   <subfield code="a">ZH 6045</subfield>
   <subfield code="b">Burgen</subfield>
   <subfield code="k">Technik</subfield>
   <subfield code="k">Architektur</subfield>
   <subfield code="k">Öffentliche Gebäude</subfield>
   <subfield code="k">Wehrbauten, Zeughaus</subfield>
   <subfield code="k">Burgen</subfield>
   <subfield code="0">(DE-627)1271354594</subfield>
   <subfield code="0">(DE-625)rvk/156189:</subfield>
   <subfield code="0">(DE-576)201354594</subfield>
  </datafield>
  <datafield tag="936" ind1="r" ind2="v">
   <subfield code="a">ZH 5050</subfield>
   <subfield code="b">Wohngebäude, Geschichte</subfield>
   <subfield code="k">Technik</subfield>
   <subfield code="k">Architektur</subfield>
   <subfield code="k">Wohnungsbau</subfield>
   <subfield code="k">Wohngebäude, Geschichte</subfield>
   <subfield code="0">(DE-627)1271341417</subfield>
   <subfield code="0">(DE-625)rvk/156170:</subfield>
   <subfield code="0">(DE-576)201341417</subfield>
  </datafield>
  <datafield tag="936" ind1="b" ind2="k">
   <subfield code="a">15.52</subfield>
   <subfield code="j">Hessen</subfield>
   <subfield code="x">Geschichte</subfield>
   <subfield code="0">(DE-627)181571587</subfield>
  </datafield>
  <datafield tag="951" ind1=" " ind2=" ">
   <subfield code="a">BO</subfield>
  </datafield>
  <datafield tag="990" ind1=" " ind2=" ">
   <subfield code="a">Boyneburg</subfield>
  </datafield>
  <datafield tag="990" ind1=" " ind2=" ">
   <subfield code="a">Bauforschung</subfield>
  </datafield>
  <datafield tag="991" ind1=" " ind2=" ">
   <subfield code="a">Rezensiertes Werk</subfield>
  </datafield>
  <datafield tag="999" ind1=" " ind2=" ">
   <subfield code="a">KXP-PPN1621135993</subfield>
   <subfield code="e">418518851X</subfield>
  </datafield>
 </record>
</collection>
